000 00582pam a2200217 i 4500
001 4108801
005 20180104083153.0
008 760209r1976 nyu b 001 0 eng
010 _a 75039283
020 _a0405080581
040 _aDLC
_cDLC
_dDLC
041 _aeng
080 _a339.47 CLA
082 0 0 _a339.47 CLA
100 1 _a51
101 _aSOC
245 1 0 _aConsumption and standards of living /
_cby Carle C. Zimmerman.
504 _aIncludes bibliographical references and indexes.
906 _a7
_bcbc
_corignew
_d1
_eocip
_f19
_gy-gencatlg
942 _2ddc
_cBK
999 _c39760
_d39760